Central Library OPAC University of Rajshahi

لغات الحدىث ;; Lugat al Hadith / (Record no. 78930)

MARC details
000 -LEADER
fixed length control field 00605nam a2200205 a 4500
001 - CONTROL NUMBER
control field 78930
003 - CONTROL NUMBER IDENTIFIER
rucl marc code BD-RjUL
005 - DATE AND TIME OF LATEST TRANSACTION
control field 20211209083206.0
008 - FIXED-LENGTH DATA ELEMENTS--GENERAL INFORMATION
fixed length control field 211130s194? pak||||| |||| 00| 0 urd d
035 ## - SYSTEM CONTROL NUMBER
System control number (BD-RjUL)79157
040 ## - CATALOGING SOURCE
Original cataloging agency BD-RjUL
Language of cataloging eng
Transcribing agency BD-RjUL
041 ## - LANGUAGE CODE
Language code of text/sound track or separate title urd/ara
082 ## - DEWEY DECIMAL CLASSIFICATION NUMBER
Edition number 23
Classification number 297.12503
Author mark and year WAL 194?
100 ## - MAIN ENTRY--PERSONAL NAME
Personal name وحيد الزمان ;; Wahidujjaman
9 (RLIN) 250121
245 1# - TITLE STATEMENT
Title لغات الحدىث ;; Lugat al Hadith /
Statement of responsibility, etc. وحيد الزمان ;; Wahidujjaman
300 ## - PHYSICAL DESCRIPTION
Pagination v. ;
Size 25 cm
505 ## - FORMATTED CONTENTS NOTE
Formatted contents note Vol. 3. 'كتاب 'س.--
650 ## - SUBJECT ADDED ENTRY--TOPICAL TERM
Topical term or geographic name as entry element Hadith
Form subdivision Dictionary
9 (RLIN) 250799
942 ## - ADDED ENTRY ELEMENTS (KOHA)
Source of classification or shelving scheme Dewey Decimal Classification
Koha item type Books
Holdings
Lost status Source of classification or shelving scheme Damaged status Not for loan Collection code Permanent Location Current Location Shelving location Date acquired Source of acquisition Cost, normal purchase price Total Checkouts Full call number Date last seen Copy number Koha item type
  Dewey Decimal Classification     Non-fiction Central Library, University of Rajshahi Central Library, University of Rajshahi Reading Room 15/10/1973 Quran Manjil, Rajshahi 1145.00   UR 297.12503 WAL V-1 194? 30/11/2021 C-1 Books
  Dewey Decimal Classification     Non-fiction Central Library, University of Rajshahi Central Library, University of Rajshahi Reading Room 15/10/1973 Quran Manjil, Rajshahi 1145.00   UR 297.12503 WAL V-3 194? 30/11/2021 C-1 Books